000
00321nam a22001457a 4500
020
_a
81-8423-203-9
082
_a
910
_b
RAF/A
100
_a
RAPHEL, RAJU
245
_a
AMSTERDAMILE SYKILUKAL
260
_a
THRISSUR
_b
GREEN BOOKS PRIVATE LIMITED
_c
2013
300
_a
160
520
_a
NOVEL
650
_a
NOVEL
942
_c
BK
999
_c
5279
_d
5279